Stagioni dei Segno zodiacali - Statistics

Statistiche generali
  • Questo quiz è stato fatto 32 volte
  • Il punteggio medio è 10 su 12
Statistiche sulle risposte
Hint Risposta % Corretto
Scorpione Autunno
95%
Leone Estate
95%
Cancro Estate
95%
Aquario Inverno
91%
Toro Primavera
86%
Capricorno Inverno
82%
Ariete Primavera
82%
Bilancia Autunno
77%
Vergine Estate
73%
Pesci Inverno
73%
Gemelli Primavera
64%
Sagittario Autunno
50%
Nessun quiz corrispondente trovato
Distribuzione punteggi
Percentuale di utenti per punteggio
Percentile per numero di risposta
I tuoi punteggi nel tempo
Non hai fatto questo quiz